000 002790000a22001090004500
100 1 _aHoff, Pablo
245 1 0 _aEl Dios que se da a conocer
300 _aVol.48, núm.205 (1993), Pàginas 15-17
650 1 4 _aDIOS-REVELACIÓN
773 0 _tLa Biblia en las Américas
942 _cANA
999 _c62907
_d62907